| 000 | 00522nam a2200193Ia 4500 | ||
|---|---|---|---|
| 008 | 220531s9999 xx 000 0 und d | ||
| 020 | _a978-93-90225-44-6 | ||
| 041 | _aeng | ||
| 082 |
_a- _bDAT / BHA |
||
| 100 |
_aBharambe, M. _986318 |
||
| 245 | _aData Structures and Algorithms - I Sem - III | ||
| 250 | _a.1st | ||
| 260 |
_aPune _bNirali _c2020 |
||
| 300 | _a5.54 | ||
| 542 | _d12-12-2020 | ||
| 650 |
_aData Structures _986319 |
||
| 906 |
_cS.Y.B.S.C.(Comp.) _d2020-2021 _f18941 |
||
| 999 |
_c47416 _d47416 |
||